| 000 | 01283cam a22003497a 4500 | ||
|---|---|---|---|
| 003 | CHAP | ||
| 005 | 20220329134246.0 | ||
| 008 | 971013s1966 r 00010 d | ||
| 010 | _a17750 | ||
| 011 | _a18722 | ||
| 035 | _a22807 | ||
| 040 | _cCHAP | ||
| 082 |
_a631.45 _bB53 |
||
| 100 | 0 | 0 |
_aBlanco Macías, Gonzalo. _913085 |
| 245 | 1 | 3 | _aLa conservación del suelo y el agua en México |
| 260 |
_aMéxico, D. F. : _bInstituto Mexicano de Recursos Naturales Renovables, _c1966 |
||
| 300 |
_a113 p. _b: ilus. ; láms. |
||
| 590 |
_aBATCH-UPD _b10 _c20130110 _lUCH01 _h0214 |
||
| 590 |
_aBATCH-UPD _b10 _c20130110 _lUCH01 _h2005 |
||
| 590 |
_aBATCH-UPD _b10 _c20130409 _lUCH01 _h2231 |
||
| 590 |
_aBATCH-UPD _b10 _c20130410 _lUCH01 _h1325 |
||
| 590 |
_aBATCH-UPD _b10 _c20130914 _lUCH01 _h0642 |
||
| 590 |
_aCONVERSION _b10 _c20130109 _lUCH01 _h1311 |
||
| 650 | 1 | 4 |
_aAgua _xConservacion. _92319 |
| 650 | 1 | 4 |
_aSuelos _xConservación. _9110283 |
| 700 | 0 |
_aRamírez Cervantes, Guillermo. _993924 |
|
| 901 | _aBK | ||
| 942 | _cLIBRO | ||
| 949 |
_a631.45 B53 _bBC _cLIBRO _d33724000072690 _eLIBRO _fc.2 _h21328 _i22807 _si _t35.00 |
||
| 949 |
_a631.45 B53 _bBC _cLIBRO _d33724000072708 _eLIBRO _fc.3 _h14743 _i22807 _si _t35.00 |
||
| 949 |
_a631.45 B53 _bBC _cLIBRO _d33724000562229 _eLIBRO _h21327 _i22807 _si _t35.00 |
||
| 999 |
_c17750 _d17750 |
||